000 00454nam a2200157 i 4500
001 125321
003 ES-MaACL
005 20230906192613.0
007 t|
008 070601q18501900sp ||||1| spa d
100 1 _aSaintine, X.-B. (
_d1798-1865)
_9101563
245 1 0 _aLeonardo el cochero
_b: novela /
_cpor Saintine.
260 _a[S.l. :
_bs.n.,
_c18--?]
300 _aP. 103-200 ;
_c19 cm.
852 _aES-MaACL
_jT-736-F-5
_q.- Ejemplar sin portada
999 _c125321
_d125321